1366 1400 1134 1702 1481 1739 1593 1368 1499 1927 1546 1998 1434 1571 1554 1456 1865 1934 1440 1648 1848 1137 1462 1494 1715 1687 1256 1442 1084 1590 1821 1558 1902 1685 1125 1263 1720 1415 1908 1143 1330 1883 1515 1276 1338 1236 1911 1845 1284 1154 1863 1384 1819 1765 1709 1348 1738 1625 1556 1851 1766 1052 1882 1489 1427 1576 1061 1873 1760 1607 1545 1507 1186 1535 1033 1636 1473 1476 1585 1520 1608 1301 1056 1549 1811 1285 1111 1638 1925 1039 1558 1757 1364 1386 1196 1962 1002 1473 1436 BCNSPRNW ULIB Ver.6.0+V

เปลี่ยนเป็นภาษาไทย

Change to English
 แสดงรายละเอียดบรรณานุกรม
  กลับหน้าหลัก

Brief Record : Get Marc (ISO 2709) : E-mail record : QR code < ปิดหน้าต่าง
LEADER : 00000nam 2200000uu 4500
001    13399112547
003     ULIB
008    110824s2554||||th 000 0 tha d
020    9786165001311
090    นว.^bก832ค 2554
100 0  เก้าแต้ม
245 00 คุณชายพุฒิภัทร/^cเก้าแต้ม
250    พิมพ์ครั้งที่ 1
260    กรุงเทพฯ :^bพิมพ์คำ,^c2554
300    454 หน้า
490 0  นวนิยายชุด สุภาพบุรุษจุฑาเทพ
945    ^p270^l0^i18516
995    กัณชพร
999    ^aใช้งานได้ทุกระบบ
รายการนี้ยังไม่มีแท็ก
คุณยังไม่ได้ล็อกอิน คุณสามารถมีกิจกรรมร่วมกับเว็บไซต์ได้ แต่ต้องล็อกอินก่อน ::
  ล็อกอิน

รายการสื่อสารสนเทศ

ลำดับที่ ประเภท เลขเรียก/บาร์โค้ด สถานที่ สถานะ
1. วิทยาศาสตร์การแพทย์ และสุขภาพ
วิทยาศาสตร์การแพทย์ และสุขภาพ
นว. ก832ค 2554  
  Barcode: 18516
ห้องสมุดวิทยาเขตสวรรค์ประชารักษ์
►นวนิยาย
บนชั้น
  ขอยืม

รายการใกล้เคียง
    ผู้แต่ง [เก้าแต้ม]

BibComment


ยังไม่เคยถูกคอมเมนท์

คอมเมนท์ทรัพยากรรายการนี้
  คอมเมนท์: คุณชายพุฒิภัทร เก..


 Copyright 2026. Bcnsprnw @Library